Chargement en cours...
Security Engineering
| Auteur principal: | |
|---|---|
| Format: | Printed Book |
| Publié: |
Wiley-dreamtech India Pvt Ltd
|
| Sujets: |
| LEADER | 00466nam a2200133 4500 | ||
|---|---|---|---|
| 082 | |a 005.8 | ||
| 100 | |a Anderson, Ross | ||
| 245 | |a Security Engineering |c Ross Anderson |h [Text] | ||
| 260 | |b Wiley-dreamtech India Pvt Ltd | ||
| 300 | |a 608 | ||
| 650 | 0 | |a Cryptography | |
| 942 | |c BK | ||
| 999 | |c 83196 |d 83196 | ||
| 952 | |0 0 |1 0 |4 0 |6 005_800000000000000 |7 0 |9 75438 |a SOCS |b SOCS |d 2015-06-11 |g 279.00 |l 0 |o 005.8 |p SOCS2539 |r 2015-06-11 |w 2015-06-11 |y BK | ||